000 00487nam a22001817a 4500
003 CEME
005 20210628203030.0
008 210128b xxu||||| |||| 00| 0 eng d
020 _a9693518233
040 _c.
082 _a891.4392 BAN
100 _aBano Qudsia
_99437
245 _aPhir achaanak yoon howa
260 _aLAHORE
_bSANG-E-MEEL
_c2006
300 _a368P
650 _aURDU ADAB-DRAMA.MODERN URDU LITERATURE.URDU ADAB-PHIR ACHAANAK YOON HOWA
_962960
942 _cBK
_2ddc
999 _c571904
_d571904